Таk zwana "endometriosis" przydatków macicy

Bibliographic Details
Main Author: Zubrzycki, January (Author)
Format: Article
Language:Polish

MARC

LEADER 00000nab a2200000ua 4500
001 vtls010777925
003 SK-MaSNL
005 20260303123423.0
008 230214s1935 xo |||||||||||||||||pol|
035 |a (urnnbn)urn:nbn:sk:snk:ar-a03m8m 
035 |a (uuid)f8f5ce57-1faf-4545-97c9-b04623448de7 
035 |a urn:nbn:sk:snk-ab5d9o 
040 |a SNKBUCL  |b slo  |c SNKBUCL  |e AACR2 
041 0 |a pol 
044 |a xo  |c SK 
100 1 |a Zubrzycki, January  |4 aut  |9 308859 
245 1 0 |a Таk zwana "endometriosis" przydatków macicy  |c January Zubrzycki 
773 0 |t Bratislavské lekárske listy  |g Roč. 15, č. 3 (1935), s. 149-155 
958 |a OND 
958 |a EUIPO 
958 |a article3 
999 |c 1925807  |d 1927737